| 000 | 00545pab a2200181 454500 | ||
|---|---|---|---|
| 008 | 180718b2011 xxu||||| |||| 00| 0 eng d | ||
| 100 | _aSecret, Mary | ||
| 245 | _aThe promise and challenge of practice-research collaborations: Guiding principles and strategies for initiating, designing, and implementing program evaluation research | ||
| 260 | _c2011 | ||
| 300 | _ap.9-20. | ||
| 362 | _aJan | ||
| 650 | _aResearch | ||
| 700 | _aBerlin, Trey | ||
| 700 | _aAbell, Melissa L. | ||
| 773 | _aSocial Welfare | ||
| 908 | _aN | ||
| 909 | _a91019 | ||
| 999 |
_c91019 _d91019 |
||